000 00502nam a22001697a 4500
008 140629b xxu||||| |||| 00| 0 eng d
020 _a9-7814-0577-0187
082 _222 ed.
_a343.4104
_bTOL
100 _aTolley
245 _aTolley's yellow tax hand book 2012-13 /
_cAnne Redston (consultant editor)
260 _aUK :
_bLexixNexis
_c2012
300 _a2164 P. ;
_c24 cm.
650 _aTaxation
650 _aTolley's yellow tax hand book 2012-13
700 _a Redston, Anne
942 _2ddc
_cBK
999 _c5885
_d5885